LEADER 03599nam 22007335 450 001 9910483013803321 005 20230810163601.0 010 $a9783030032937 010 $a3030032930 024 7 $a10.1007/978-3-030-03293-7 035 $a(CKB)4100000007279072 035 $a(MiAaPQ)EBC5625924 035 $a(DE-He213)978-3-030-03293-7 035 $a(Perlego)3492468 035 $a(EXLCZ)994100000007279072 100 $a20181224d2019 u| 0 101 0 $aeng 135 $aurcnu|||||||| 181 $ctxt$2rdacontent 182 $cc$2rdamedia 183 $acr$2rdacarrier 200 10$aGuido Culture and Italian American Youth $eFrom Bensonhurst to Jersey Shore /$fby Donald Tricarico 205 $a1st ed. 2019. 210 1$aCham :$cSpringer International Publishing :$cImprint: Palgrave Macmillan,$d2019. 215 $a1 online resource (338 pages) 225 1 $aItalian and Italian American Studies,$x2635-294X 311 08$a9783030032920 311 08$a3030032922 327 $a1. Theorizing Italian American Youth Culture -- 2. A Local Italian American Youth Style Tradition: Anticipating Guido -- 3. The Turn to Disco and Other Subcultural Developments -- 4. Becoming Guido: Identifying a Youth Subculture -- 5. Performing Style -- 6. "It's Cool Being Italian": Fashioning an Ethnic Youth Style -- 7. The Local Struggle for Cool -- 8. GUIDOVILLE: Labeling Italian Americans Deviant -- 9. A Party Culture Becomes a Media Spectacle -- 10. Rethinking Italian American Ethnicity: A Middle Space. 330 $aFrom Saturday Night Fever to Jersey Shore, Italian American youth in New York City have appropriated-and been appropriated by-popular American culture. Here, Donald Tricarico investigates how Italian ethnicity has been used to fashion Guido as a distinct youth style that signals inclusion in popular American culture and, simultaneously, the making of a new ethnic subject. Emerging from a wave of Italian immigration after World War II in outer borough neighborhoods such as Bensonhurst, the story of the Guido is an Italian American story, symbolizing the negotiation of a negatively privileged ethnicity within American society. Tricarico takes up questions about the definition of Guido, the role of disco, and the identity politics of Jersey Shore in order to reconsider the significance of Guido for the study of Italian American ethnicity. 410 0$aItalian and Italian American Studies,$x2635-294X 606 $aUnited States$xHistory 606 $aCivilization$xHistory 606 $aPopular culture 606 $aEthnology$zAmerica 606 $aCulture 606 $aYouth$xSocial life and customs 606 $aRace 606 $aUS History 606 $aCultural History 606 $aPopular Culture 606 $aAmerican Culture 606 $aYouth Culture 606 $aRace and Ethnicity Studies 615 0$aUnited States$xHistory. 615 0$aCivilization$xHistory. 615 0$aPopular culture. 615 0$aEthnology 615 0$aCulture. 615 0$aYouth$xSocial life and customs. 615 0$aRace. 615 14$aUS History. 615 24$aCultural History. 615 24$aPopular Culture. 615 24$aAmerican Culture. 615 24$aYouth Culture. 615 24$aRace and Ethnicity Studies. 676 $a301.4515107471 676 $a305.851073 700 $aTricarico$b Donald$4aut$4http://id.loc.gov/vocabulary/relators/aut$0305188 906 $aBOOK 912 $a9910483013803321 996 $aGuido Culture and Italian American Youth$92843847 997 $aUNINA LEADER 03128nam 22006855 450 001 9910522560903321 005 20251202152714.0 010 $a9783030921590$b(electronic bk.) 010 $z9783030921583 024 7 $a10.1007/978-3-030-92159-0 035 $a(MiAaPQ)EBC6881919 035 $a(Au-PeEL)EBL6881919 035 $a(CKB)21069162200041 035 $a(PPN)260827347 035 $a(BIP)83084261 035 $a(BIP)82050454 035 $a(DE-He213)978-3-030-92159-0 035 $a(EXLCZ)9921069162200041 100 $a20220201d2022 u| 0 101 0 $aeng 135 $aurcnu|||||||| 181 $ctxt$2rdacontent 182 $cc$2rdamedia 183 $acr$2rdacarrier 200 10$aHigh-Energy Astrophysics $eA Primer /$fby Jorge Ernesto Horvath 205 $a1st ed. 2022. 210 1$aCham :$cSpringer International Publishing :$cImprint: Springer,$d2022. 215 $a1 online resource (277 pages) 225 1 $aUndergraduate Lecture Notes in Physics,$x2192-4805 300 $aIncludes index. 311 08$aPrint version: Horvath, Jorge Ernesto High-Energy Astrophysics Cham : Springer International Publishing AG,c2022 9783030921583 327 $aThe Nature of the Physical World: Elementary Particles and Interactions -- Elementary Processes at High Energies -- Detection and Instrumentation in High-Energy Astrophysics -- Stellar Evolution up to the Final Stages -- Supernovae. 330 $aThis textbook is designed to serve as a link between the basic disciplines of physics and the frontier topics within high energy astrophysics, aiming at a level of difficulty congruent with that of other physics topics studied at undergraduate level. Therefore, this preparatory and introductory text serves as a gateway to a more detailed study of many of the most interesting and complex phenomena being investigated by contemporary astrophysics. Among others, these include: the evolution of stars, supernovae, neutron stars, black holes, solar neutrinos, and - importantly - the exciting new field of gravitational wave astronomy. The book is supplemented by a collection of problems with which students can test their understanding of the material presented. 410 0$aUndergraduate Lecture Notes in Physics,$x2192-4805 606 $aAstrophysics 606 $aGravitation 606 $aParticles (Nuclear physics) 606 $aGeneral relativity (Physics) 606 $aAstrophysics 606 $aGravitational Physics 606 $aParticle Physics 606 $aGeneral Relativity 615 0$aAstrophysics. 615 0$aGravitation. 615 0$aParticles (Nuclear physics) 615 0$aGeneral relativity (Physics) 615 14$aAstrophysics. 615 24$aGravitational Physics. 615 24$aParticle Physics. 615 24$aGeneral Relativity. 676 $a523.01 676 $a523.01 686 $aASTR 899$2zT_PHYS 700 $aHorvath$b Jorge Ernesto$01082152 801 0$bMiAaPQ 801 1$bMiAaPQ 801 2$bMiAaPQ 912 $a9910522560903321 996 $aHigh-Energy Astrophysics$92597047 997 $aUNINA